<?xml version="1.0" encoding="UTF-8"?>
<marc:record xmlns:marc="http://www.loc.gov/MARC21/slim" type="Bibliographic">
   <marc:leader>00000pam a2200000 c 4500</marc:leader>
   <marc:controlfield tag="001">94319220X</marc:controlfield>
   <marc:controlfield tag="003">DE-101</marc:controlfield>
   <marc:controlfield tag="005">20171202211121.0</marc:controlfield>
   <marc:controlfield tag="007">tu</marc:controlfield>
   <marc:controlfield tag="008">950104s1995    gw ||||| |||| 10||||ger  </marc:controlfield>
   <marc:datafield ind1=" " ind2=" " tag="015">
      <marc:subfield code="a">95,A25,0778</marc:subfield>
      <marc:subfield code="z">95,N05,0528</marc:subfield>
      <marc:subfield code="2">dnb</marc:subfield>
   </marc:datafield>
   <marc:datafield ind1="7" ind2=" " tag="016">
      <marc:subfield code="2">DE-101</marc:subfield>
      <marc:subfield code="a">94319220X</marc:subfield>
   </marc:datafield>
   <marc:datafield ind1=" " ind2=" " tag="020">
      <marc:subfield code="a">9783925499876</marc:subfield>
      <marc:subfield code="c">kart. : DM 29.80, sfr 31.00, S 233.00</marc:subfield>
      <marc:subfield code="9">978-3-925499-87-6</marc:subfield>
   </marc:datafield>
   <marc:datafield ind1=" " ind2=" " tag="020">
      <marc:subfield code="a">3925499873</marc:subfield>
      <marc:subfield code="c">kart. : DM 29.80, sfr 31.00, S 233.00</marc:subfield>
      <marc:subfield code="9">3-925499-87-3</marc:subfield>
   </marc:datafield>
   <marc:datafield ind1=" " ind2=" " tag="035">
      <marc:subfield code="a">(DE-599)DNB94319220X</marc:subfield>
   </marc:datafield>
   <marc:datafield ind1=" " ind2=" " tag="035">
      <marc:subfield code="a">(OCoLC)75551528</marc:subfield>
   </marc:datafield>
   <marc:datafield ind1=" " ind2=" " tag="040">
      <marc:subfield code="a">1240</marc:subfield>
      <marc:subfield code="b">ger</marc:subfield>
      <marc:subfield code="c">DE-101</marc:subfield>
      <marc:subfield code="d">9999</marc:subfield>
   </marc:datafield>
   <marc:datafield ind1=" " ind2=" " tag="041">
      <marc:subfield code="a">ger</marc:subfield>
   </marc:datafield>
   <marc:datafield ind1=" " ind2=" " tag="044">
      <marc:subfield code="c">XA-DE</marc:subfield>
   </marc:datafield>
   <marc:datafield ind1=" " ind2=" " tag="084">
      <marc:subfield code="a">33</marc:subfield>
      <marc:subfield code="a">41</marc:subfield>
      <marc:subfield code="a">44</marc:subfield>
      <marc:subfield code="a">610</marc:subfield>
      <marc:subfield code="q">DE-101</marc:subfield>
      <marc:subfield code="2">sdnb</marc:subfield>
   </marc:datafield>
   <marc:datafield ind1=" " ind2=" " tag="084">
      <marc:subfield code="a">27.4</marc:subfield>
      <marc:subfield code="a">10.6a</marc:subfield>
      <marc:subfield code="a">10.7a</marc:subfield>
      <marc:subfield code="a">10.6a</marc:subfield>
      <marc:subfield code="q">DE-101</marc:subfield>
      <marc:subfield code="2">sswd</marc:subfield>
   </marc:datafield>
   <marc:datafield ind1="0" ind2="0" tag="245">
      <marc:subfield code="a">Gesundheitsrisiko Auto</marc:subfield>
      <marc:subfield code="c">Münchner Seminar zum Thema Umwelt und Verkehr. Hermann Gloning ; Stephan Böse (Hrsg.)</marc:subfield>
   </marc:datafield>
   <marc:datafield ind1=" " ind2="1" tag="264">
      <marc:subfield code="a">Frankfurt am Main</marc:subfield>
      <marc:subfield code="b">Mabuse-Verl.</marc:subfield>
      <marc:subfield code="c">1995</marc:subfield>
   </marc:datafield>
   <marc:datafield ind1=" " ind2=" " tag="300">
      <marc:subfield code="a">169 S.</marc:subfield>
      <marc:subfield code="b">Ill., graph. Darst.</marc:subfield>
      <marc:subfield code="c">21 cm</marc:subfield>
   </marc:datafield>
   <marc:datafield ind1=" " ind2=" " tag="336">
      <marc:subfield code="a">Text</marc:subfield>
      <marc:subfield code="b">txt</marc:subfield>
      <marc:subfield code="2">rdacontent</marc:subfield>
   </marc:datafield>
   <marc:datafield ind1=" " ind2=" " tag="337">
      <marc:subfield code="a">ohne Hilfsmittel zu benutzen</marc:subfield>
      <marc:subfield code="b">n</marc:subfield>
      <marc:subfield code="2">rdamedia</marc:subfield>
   </marc:datafield>
   <marc:datafield ind1=" " ind2=" " tag="338">
      <marc:subfield code="a">Band</marc:subfield>
      <marc:subfield code="b">nc</marc:subfield>
      <marc:subfield code="2">rdacarrier</marc:subfield>
   </marc:datafield>
   <marc:datafield ind1="1" ind2=" " tag="490">
      <marc:subfield code="a">Reihe Umwelt und Gesundheit</marc:subfield>
      <marc:subfield code="v">Bd. 5</marc:subfield>
   </marc:datafield>
   <marc:datafield ind1=" " ind2=" " tag="500">
      <marc:subfield code="a">Literaturangaben</marc:subfield>
   </marc:datafield>
   <marc:datafield ind1=" " ind2="7" tag="650">
      <marc:subfield code="0">(DE-588)4131100-0</marc:subfield>
      <marc:subfield code="0">http://d-nb.info/gnd/4131100-0</marc:subfield>
      <marc:subfield code="0">(DE-101)041311000</marc:subfield>
      <marc:subfield code="a">Umweltkrankheit</marc:subfield>
      <marc:subfield code="2">gnd</marc:subfield>
   </marc:datafield>
   <marc:datafield ind1=" " ind2="7" tag="650">
      <marc:subfield code="0">(DE-588)4057931-1</marc:subfield>
      <marc:subfield code="0">http://d-nb.info/gnd/4057931-1</marc:subfield>
      <marc:subfield code="0">(DE-101)04057931X</marc:subfield>
      <marc:subfield code="a">Straßenverkehr</marc:subfield>
      <marc:subfield code="2">gnd</marc:subfield>
   </marc:datafield>
   <marc:datafield ind1=" " ind2="7" tag="650">
      <marc:subfield code="0">(DE-588)4179311-0</marc:subfield>
      <marc:subfield code="0">http://d-nb.info/gnd/4179311-0</marc:subfield>
      <marc:subfield code="0">(DE-101)041793110</marc:subfield>
      <marc:subfield code="a">Schadstoffbelastung</marc:subfield>
      <marc:subfield code="2">gnd</marc:subfield>
   </marc:datafield>
   <marc:datafield ind1=" " ind2="7" tag="650">
      <marc:subfield code="0">(DE-588)4062163-7</marc:subfield>
      <marc:subfield code="0">http://d-nb.info/gnd/4062163-7</marc:subfield>
      <marc:subfield code="0">(DE-101)040621634</marc:subfield>
      <marc:subfield code="a">Ursache</marc:subfield>
      <marc:subfield code="2">gnd</marc:subfield>
   </marc:datafield>
   <marc:datafield ind1=" " ind2="7" tag="650">
      <marc:subfield code="0">(DE-588)4030550-8</marc:subfield>
      <marc:subfield code="0">http://d-nb.info/gnd/4030550-8</marc:subfield>
      <marc:subfield code="0">(DE-101)040305503</marc:subfield>
      <marc:subfield code="a">Kind</marc:subfield>
      <marc:subfield code="2">gnd</marc:subfield>
   </marc:datafield>
   <marc:datafield ind1=" " ind2="7" tag="650">
      <marc:subfield code="0">(DE-588)4062983-1</marc:subfield>
      <marc:subfield code="0">http://d-nb.info/gnd/4062983-1</marc:subfield>
      <marc:subfield code="0">(DE-101)04062983X</marc:subfield>
      <marc:subfield code="a">Verkehrsunfall</marc:subfield>
      <marc:subfield code="2">gnd</marc:subfield>
   </marc:datafield>
   <marc:datafield ind1=" " ind2="7" tag="650">
      <marc:subfield code="0">(DE-588)4076308-0</marc:subfield>
      <marc:subfield code="0">http://d-nb.info/gnd/4076308-0</marc:subfield>
      <marc:subfield code="0">(DE-101)040763080</marc:subfield>
      <marc:subfield code="a">Prävention</marc:subfield>
      <marc:subfield code="2">gnd</marc:subfield>
   </marc:datafield>
   <marc:datafield ind1=" " ind2="7" tag="655">
      <marc:subfield code="0">(DE-588)1071861417</marc:subfield>
      <marc:subfield code="0">http://d-nb.info/gnd/1071861417</marc:subfield>
      <marc:subfield code="0">(DE-101)1071861417</marc:subfield>
      <marc:subfield code="a">Konferenzschrift</marc:subfield>
      <marc:subfield code="y">1993</marc:subfield>
      <marc:subfield code="z">München</marc:subfield>
      <marc:subfield code="2">gnd-content</marc:subfield>
   </marc:datafield>
   <marc:datafield ind1=" " ind2="7" tag="655">
      <marc:subfield code="a">Kongress</marc:subfield>
      <marc:subfield code="z">München &lt;1993&gt;</marc:subfield>
      <marc:subfield code="2">gnd</marc:subfield>
   </marc:datafield>
   <marc:datafield ind1=" " ind2="7" tag="655">
      <marc:subfield code="a">Kongress</marc:subfield>
      <marc:subfield code="z">München &lt;1993&gt;</marc:subfield>
      <marc:subfield code="2">gnd</marc:subfield>
   </marc:datafield>
   <marc:datafield ind1="0" ind2="0" tag="689">
      <marc:subfield code="0">(DE-588)4131100-0</marc:subfield>
      <marc:subfield code="0">http://d-nb.info/gnd/4131100-0</marc:subfield>
      <marc:subfield code="0">(DE-101)041311000</marc:subfield>
      <marc:subfield code="D">s</marc:subfield>
      <marc:subfield code="a">Umweltkrankheit</marc:subfield>
   </marc:datafield>
   <marc:datafield ind1="0" ind2="1" tag="689">
      <marc:subfield code="0">(DE-588)4057931-1</marc:subfield>
      <marc:subfield code="0">http://d-nb.info/gnd/4057931-1</marc:subfield>
      <marc:subfield code="0">(DE-101)04057931X</marc:subfield>
      <marc:subfield code="D">s</marc:subfield>
      <marc:subfield code="a">Straßenverkehr</marc:subfield>
   </marc:datafield>
   <marc:datafield ind1="0" ind2="2" tag="689">
      <marc:subfield code="0">(DE-588)4179311-0</marc:subfield>
      <marc:subfield code="0">http://d-nb.info/gnd/4179311-0</marc:subfield>
      <marc:subfield code="0">(DE-101)041793110</marc:subfield>
      <marc:subfield code="D">s</marc:subfield>
      <marc:subfield code="a">Schadstoffbelastung</marc:subfield>
   </marc:datafield>
   <marc:datafield ind1="0" ind2="3" tag="689">
      <marc:subfield code="0">(DE-588)4062163-7</marc:subfield>
      <marc:subfield code="0">http://d-nb.info/gnd/4062163-7</marc:subfield>
      <marc:subfield code="0">(DE-101)040621634</marc:subfield>
      <marc:subfield code="D">s</marc:subfield>
      <marc:subfield code="a">Ursache</marc:subfield>
   </marc:datafield>
   <marc:datafield ind1="0" ind2="4" tag="689">
      <marc:subfield code="A">f</marc:subfield>
      <marc:subfield code="a">Kongress</marc:subfield>
   </marc:datafield>
   <marc:datafield ind1="0" ind2="5" tag="689">
      <marc:subfield code="A">g</marc:subfield>
      <marc:subfield code="a">München &lt;1993&gt;</marc:subfield>
   </marc:datafield>
   <marc:datafield ind1="0" ind2=" " tag="689">
      <marc:subfield code="5">DE-101</marc:subfield>
      <marc:subfield code="5">DE-101</marc:subfield>
   </marc:datafield>
   <marc:datafield ind1="1" ind2="0" tag="689">
      <marc:subfield code="0">(DE-588)4030550-8</marc:subfield>
      <marc:subfield code="0">http://d-nb.info/gnd/4030550-8</marc:subfield>
      <marc:subfield code="0">(DE-101)040305503</marc:subfield>
      <marc:subfield code="D">s</marc:subfield>
      <marc:subfield code="a">Kind</marc:subfield>
   </marc:datafield>
   <marc:datafield ind1="1" ind2="1" tag="689">
      <marc:subfield code="0">(DE-588)4062983-1</marc:subfield>
      <marc:subfield code="0">http://d-nb.info/gnd/4062983-1</marc:subfield>
      <marc:subfield code="0">(DE-101)04062983X</marc:subfield>
      <marc:subfield code="D">s</marc:subfield>
      <marc:subfield code="a">Verkehrsunfall</marc:subfield>
   </marc:datafield>
   <marc:datafield ind1="1" ind2="2" tag="689">
      <marc:subfield code="0">(DE-588)4076308-0</marc:subfield>
      <marc:subfield code="0">http://d-nb.info/gnd/4076308-0</marc:subfield>
      <marc:subfield code="0">(DE-101)040763080</marc:subfield>
      <marc:subfield code="D">s</marc:subfield>
      <marc:subfield code="a">Prävention</marc:subfield>
   </marc:datafield>
   <marc:datafield ind1="1" ind2="3" tag="689">
      <marc:subfield code="A">f</marc:subfield>
      <marc:subfield code="a">Kongress</marc:subfield>
   </marc:datafield>
   <marc:datafield ind1="1" ind2="4" tag="689">
      <marc:subfield code="A">g</marc:subfield>
      <marc:subfield code="a">München &lt;1993&gt;</marc:subfield>
   </marc:datafield>
   <marc:datafield ind1="1" ind2=" " tag="689">
      <marc:subfield code="5">DE-101</marc:subfield>
      <marc:subfield code="5">DE-101</marc:subfield>
   </marc:datafield>
   <marc:datafield ind1="1" ind2=" " tag="700">
      <marc:subfield code="0">(DE-588)109567498</marc:subfield>
      <marc:subfield code="0">http://d-nb.info/gnd/109567498</marc:subfield>
      <marc:subfield code="0">(DE-101)109567498</marc:subfield>
      <marc:subfield code="a">Gloning, Hermann</marc:subfield>
      <marc:subfield code="e">Herausgeber</marc:subfield>
      <marc:subfield code="4">edt</marc:subfield>
   </marc:datafield>
   <marc:datafield ind1="2" ind2=" " tag="711">
      <marc:subfield code="0">(DE-588)2146837-0</marc:subfield>
      <marc:subfield code="0">http://d-nb.info/gnd/2146837-0</marc:subfield>
      <marc:subfield code="0">(DE-101)944331521</marc:subfield>
      <marc:subfield code="a">Seminar zum Thema Umwelt und Verkehr</marc:subfield>
      <marc:subfield code="d">1993</marc:subfield>
      <marc:subfield code="c">München</marc:subfield>
      <marc:subfield code="j">Herausgebendes Organ</marc:subfield>
      <marc:subfield code="4">isb</marc:subfield>
   </marc:datafield>
   <marc:datafield ind1=" " ind2="0" tag="830">
      <marc:subfield code="a">Reihe Umwelt und Gesundheit</marc:subfield>
      <marc:subfield code="v">Bd. 5</marc:subfield>
      <marc:subfield code="w">(DE-101)552174955</marc:subfield>
      <marc:subfield code="w">(DE-600)2947556-9</marc:subfield>
      <marc:subfield code="9">15</marc:subfield>
      <marc:subfield code="7">as</marc:subfield>
   </marc:datafield>
   <marc:datafield ind1=" " ind2=" " tag="850">
      <marc:subfield code="a">DE-101a</marc:subfield>
      <marc:subfield code="a">DE-101b</marc:subfield>
   </marc:datafield>
   <marc:datafield ind1="r" ind2=" " tag="925">
      <marc:subfield code="a">ra</marc:subfield>
   </marc:datafield>
</marc:record>
